[Event "Open Olomouc 2006"]
[Site "Olomouc (CZE)"]
[Date "2006.08.04"]
[Round "3.7"]
[White "ZAKHAROV, VALENTIN."]
[Black "KIRSCHBAUM, GUNNAR."]
[Result "1/2-1/2"]
[WhiteElo "2376"]
[BlackElo "2179"]
[PlyCount "104"]
[EventDate "2006.08.03"]

1. e4 d6 2. d4 Nf6 3. Nc3 g6 4. Bg5 c6 5. Qd2 b5 6. f3 Nbd7 7. Nh3 h6 8. Be3
Bg7 9. Nf2 a6 10. Be2 Nb6 11. O-O Be6 12. b3 Bc8 13. a4 b4 14. Ncd1 a5 15. Nb2
Nfd7 16. Rad1 Qc7 17. Nbd3 Ba6 18. f4 d5 19. e5 e6 20. Rc1 h5 21. c3 bxc3 22.
Qxc3 Bb7 23. Nc5 Nxc5 24. Qxc5 Nd7 25. Qc3 Qb6 26. Rc2 O-O 27. Rb1 Rfc8 28. Nd3
Bf8 29. Nc5 Nxc5 30. dxc5 Qc7 31. Bd4 Ba6 32. Rf1 Bxe2 33. Rxe2 Rcb8 34. f5
exf5 35. e6 Re8 36. Be5 Qa7 37. exf7+ Kxf7 38. Qh3 Kg8 39. Qg3 Kh7 40. Rc2 Re6
41. h3 Rae8 42. Bf4 Re2 43. Rxe2 Rxe2 44. Bd6 Bxd6 45. Qxd6 Qe7 46. Qxc6 Qe4
47. Qc7+ Kh6 48. Rf3 Rc2 49. Qc8 Kh7 50. Qc7+ Kh6 51. Qb8 Kh7 52. Qc7+ Kh6
1/2-1/2

[Event "Open Olomouc 2006"]
[Site "Olomouc (CZE)"]
[Date "2006.08.04"]
[Round "3.8"]
[White "SONTER, MATTHEW."]
[Black "MANKEYEV, RAUAN."]
[Result "0-1"]
[WhiteElo "2169"]
[BlackElo "2369"]
[PlyCount "64"]
[EventDate "2006.08.03"]

1. e4 c5 2. Nf3 d6 3. d4 cxd4 4. Nxd4 Nf6 5. Nc3 g6 6. Be3 Bg7 7. f3 Nc6 8. Qd2
O-O 9. O-O-O d5 10. exd5 Nxd5 11. Nxc6 bxc6 12. Bd4 e5 13. Bc5 Be6 14. Ne4 Re8
15. h4 h6 16. g4 Nf4 17. Qe1 Qc7 18. Kb1 Bd5 19. g5 h5 20. Bd6 Qb6 21. Bc5 Qc7
22. Bd6 Qc8 23. Qc3 Qe6 24. Qa3 a5 25. Rd2 Red8 26. c4 Bxe4+ 27. fxe4 c5 28.
Qxc5 Ra6 29. Bh3 Nxh3 30. Rhd1 Nf4 31. Qb5 Raxd6 32. Rxd6 Rxd6 0-1

[Event "Open Olomouc 2006"]
[Site "Olomouc (CZE)"]
[Date "2006.08.04"]
[Round "3.9"]
[White "OCHTMAN, HENK."]
[Black "ISONZO, DAVID."]
[Result "0-1"]
[WhiteElo "2161"]
[BlackElo "2361"]
[PlyCount "98"]
[EventDate "2006.08.03"]

1. Nf3 Nf6 2. d4 g6 3. Bg5 Bg7 4. Qc1 c5 5. Bh6 Bxh6 6. Qxh6 cxd4 7. Qd2 Nc6 8.
Nxd4 Qb6 9. Nb3 a5 10. Na3 Ne4 11. Qe3 Qxe3 12. fxe3 d6 13. g3 Be6 14. Bg2 Nf6
15. Nb5 Rc8 16. N3d4 Nxd4 17. Nxd4 Bd5 18. Bxd5 Nxd5 19. Kf2 Nf6 20. Kf3 h5 21.
a4 Nd7 22. Ra3 h4 23. Rf1 hxg3 24. Kxg3 Rc5 25. h4 Re5 26. Rf4 Nf6 27. Rxf6
exf6 28. Rb3 O-O 29. Rxb7 Rxe3+ 30. Kf2 Re4 31. c3 Rxh4 32. Ra7 Rb8 33. b3 Rh5
34. Ra6 Rc5 35. Nb5 Rcxb5 36. axb5 Rxb5 37. Ke3 Rxb3 38. Kd3 Rb1 39. Kc2 Re1
40. Kd2 Ra1 41. Rxd6 f5 42. c4 Kf8 43. Rd7 Ke8 44. Ra7 a4 45. Kc3 a3 46. c5 a2
47. Kd2 f4 48. c6 Kd8 49. Kc3 Rc1+ 0-1

[Event "Open Olomouc 2006"]
[Site "Olomouc (CZE)"]
[Date "2006.08.04"]
[Round "3.10"]
[White "LYANGUZOV, OLEG."]
[Black "DANES, JAROSLAV."]
[Result "1/2-1/2"]
[WhiteElo "2355"]
[BlackElo "2176"]
[PlyCount "82"]
[EventDate "2006.08.03"]

1. c4 c5 2. Nf3 Nc6 3. g3 g6 4. Bg2 Bg7 5. O-O d6 6. Nc3 e5 7. a3 Nge7 8. Rb1
Be6 9. d3 h6 10. b4 b6 11. Ne1 Rc8 12. Nc2 O-O 13. Ne3 f5 14. Ned5 Kh7 15. Bd2
Bg8 16. Qa4 Nxd5 17. cxd5 cxb4 18. Nb5 Ne7 19. e4 a6 20. Qxa6 Ra8 21. Qb7 bxa3
22. Bb4 a2 23. Ra1 fxe4 24. dxe4 Nxd5 25. Bxd6 Rf7 26. Qxd5 Rd7 27. Qd3 Ra5 28.
Bh3 Rxb5 29. Bxd7 Qxd7 30. Rfc1 Kh8 31. Kg2 Rb2 32. Rd1 Qb7 33. Kg1 Qf7 34. Qe3
Kh7 35. Kg2 h5 36. g4 hxg4 37. Qg3 Qf4 38. Qh4+ Bh6 39. Bc7 Qxe4+ 40. Kg1 Rb1
41. Qe7+ Bg7 1/2-1/2

[Event "Open Olomouc 2006"]
[Site "Olomouc (CZE)"]
[Date "2006.08.04"]
[Round "3.11"]
[White "KRYHORENKO, NATALIYA."]
[Black "VRANA, JAN."]
[Result "1/2-1/2"]
[WhiteElo "2328"]
[BlackElo "2162"]
[PlyCount "97"]
[EventDate "2006.08.03"]

1. d4 d5 2. Nf3 c5 3. c4 e6 4. cxd5 exd5 5. g3 Nc6 6. Bg2 Nf6 7. O-O Be6 8. Nc3
Be7 9. dxc5 Bxc5 10. Ng5 O-O 11. Nxe6 fxe6 12. e3 Qe7 13. b3 Rad8 14. Na4 Bd6
15. Bb2 Ne5 16. Nc3 a6 17. Qe2 Nf7 18. Rad1 Bb8 19. f4 Ba7 20. Kh1 Nh6 21. Nb1
Rfe8 22. Bd4 b5 23. Nd2 Nf5 24. Nf3 Ne4 25. Qe1 Rc8 26. g4 Nfd6 27. Nd2 Nc3 28.
Ra1 b4 29. Bxa7 Qxa7 30. a3 bxa3 31. Rxa3 Ncb5 32. Ra2 Rc3 33. e4 dxe4 34. Nxe4
Re3 35. Re2 Rxe2 36. Qxe2 Nxe4 37. Qxe4 Qd7 38. Rc1 Qd6 39. Qc4 Kf8 40. Be4 g6
41. Bg2 Qd4 42. Qc6 Qd6 43. Qf3 Rd8 44. f5 exf5 45. gxf5 Nd4 46. Qh3 Nxf5 47.
Qxh7 Qf6 48. Qc7 Rd6 49. Qc8+ 1/2-1/2

[Event "Open Olomouc 2006"]
[Site "Olomouc (CZE)"]
[Date "2006.08.08"]
[Round "7.1"]
[White "NESTER, IHOR."]
[Black "JOHANSSON, JAN."]
[Result "0-1"]
[WhiteElo "2417"]
[BlackElo "2434"]
[PlyCount "58"]
[EventDate "2006.08.03"]

1. Nf3 Nf6 2. c4 e6 3. g3 d5 4. d4 dxc4 5. Bg2 Nc6 6. O-O Rb8 7. Nc3 b5 8. Ne5
Nxe5 9. dxe5 Nd7 10. Bc6 a6 11. Qd4 Rb6 12. Qe4 Bc5 13. a4 b4 14. Nb1 O-O 15.
a5 f5 16. exf6 Nxf6 17. Qg2 Rxc6 18. Qxc6 Qd5 19. Qxd5 exd5 20. Bf4 Bh3 21. Rd1
c6 22. Nd2 Ng4 23. Nf3 Nxf2 24. Bd6 Ba7 25. Bxf8 Nxd1+ 26. Kh1 Nf2+ 27. Kg1
Kxf8 28. e3 Bxe3 29. Re1 d4 0-1

[Event "Open Olomouc 2006"]
[Site "Olomouc (CZE)"]
[Date "2006.08.08"]
[Round "7.2"]
[White "HASANGATIN, RAMIL."]
[Black "PACHER, MILAN."]
[Result "1-0"]
[WhiteElo "2491"]
[BlackElo "2227"]
[PlyCount "79"]
[EventDate "2006.08.03"]

1. e4 c5 2. Na3 Nc6 3. Bb5 g6 4. c3 Bg7 5. f4 Nf6 6. d3 O-O 7. Nf3 Qc7 8. O-O
a6 9. Bxc6 Qxc6 10. f5 d6 11. fxg6 hxg6 12. Qe1 b5 13. Qh4 Bb7 14. Bh6 Qd7 15.
h3 Nh5 16. Bd2 Bf6 17. Ng5 Be5 18. Nf3 f6 19. Qe1 Bg3 20. Qe2 e5 21. Nc2 d5 22.
exd5 Qxd5 23. Bh6 Rfe8 24. Nd2 Bf4 25. Qg4 Qxg2+ 26. Qxg2 Bxg2 27. Kxg2 Bxh6
28. Ne4 f5 29. Nxc5 Nf4+ 30. Kh2 Bf8 31. Nd7 Bg7 32. Rad1 Red8 33. Nc5 Bf8 34.
d4 g5 35. Ne3 exd4 36. cxd4 Rxd4 37. Rxd4 Bxc5 38. Nxf5 Bxd4 39. Nxd4 Kg7 40.
h4 1-0

[Event "Open Olomouc 2006"]
[Site "Olomouc (CZE)"]
[Date "2006.08.08"]
[Round "7.3"]
[White "HRYHORENKO, NATALIYA."]
[Black "ZEBERSKI, JAKUB."]
[Result "1/2-1/2"]
[WhiteElo "2328"]
[BlackElo "2410"]
[PlyCount "98"]
[EventDate "2006.08.03"]

1. d4 Nf6 2. Nf3 e6 3. g3 b5 4. Bg2 Bb7 5. a4 b4 6. a5 c5 7. c3 Be7 8. O-O O-O
9. Bd2 Na6 10. dxc5 bxc3 11. Nxc3 Bxc5 12. Qa4 d5 13. Ne5 Bd6 14. Nd3 Qe7 15.
e4 dxe4 16. Nxe4 Nxe4 17. Bxe4 Bxe4 18. Qxe4 Rab8 19. Bc3 Nc5 20. Nxc5 Bxc5 21.
Rad1 Bb4 22. Be5 Rb5 23. a6 Rb6 24. Qc4 Bc5 25. Rc1 Bd6 26. Bxd6 Qxd6 27. Rfd1
Qe5 28. b4 h5 29. Rd7 Qb8 30. b5 Rxb5 31. Rxa7 Ra5 32. Rb7 Qa8 33. Rb6 Qf3 34.
Qc6 Qe2 35. h4 Rd8 36. Qc2 Qe5 37. Qc7 Rd1+ 38. Kh2 Rxc1 39. Qxc1 Ra2 40. Kg2
Qe4+ 41. Kg1 g6 42. Rb2 Ra4 43. Rb8+ Kh7 44. Qc3 e5 45. Rb5 Rc4 46. Rxe5 Qc6
47. Qa5 Rc1+ 48. Re1 Rxe1+ 49. Qxe1 Qxa6 1/2-1/2

[Event "Open Olomouc 2006"]
[Site "Olomouc (CZE)"]
[Date "2006.08.08"]
[Round "7.4"]
[White "ZAWADZKI, STANISLAW."]
[Black "PROKURONOV, EDUARD."]
[Result "1-0"]
[WhiteElo "2397"]
[BlackElo "2274"]
[PlyCount "95"]
[EventDate "2006.08.03"]

1. d4 Nf6 2. c4 e6 3. Nf3 b6 4. a3 Ba6 5. Qc2 Bb7 6. Nc3 c5 7. dxc5 Bxc5 8. Bf4
O-O 9. e3 Be7 10. h3 Nc6 11. Be2 Rc8 12. O-O Na5 13. b3 d5 14. Rfd1 Bd6 15.
Bxd6 Qxd6 16. Qb2 Qe7 17. cxd5 Nxd5 18. Nxd5 Bxd5 19. Nd2 e5 20. b4 Nc6 21.
Rac1 f6 22. Nc4 Be6 23. Nd6 Rc7 24. Nb5 Rcc8 25. Rd6 Nb8 26. Rcd1 Bf7 27. Bg4
Rcd8 28. Rxd8 Rxd8 29. Rxd8+ Qxd8 30. Nxa7 h5 31. Be2 Qd7 32. Nb5 Nc6 33. Qc2
h4 34. Qd3 Be6 35. Qd6 g5 36. Bc4 Qxd6 37. Nxd6 Nd8 38. Bxe6+ Nxe6 39. Kf1 Kf8
40. Ke2 Ke7 41. Nc8+ Kd7 42. Nxb6+ Kc6 43. Nc4 Kb5 44. Nd6+ Ka4 45. Ne4 Kxa3
46. b5 f5 47. b6 Nd8 48. Nxg5 1-0

[Event "Open Olomouc 2006"]
[Site "Olomouc (CZE)"]
[Date "2006.08.08"]
[Round "7.5"]
[White "ZAMBOR, NORBERT."]
[Black "KIREEV, ALEKSEI."]
[Result "0-1"]
[WhiteElo "2269"]
[BlackElo "2382"]
[PlyCount "74"]
[EventDate "2006.08.03"]

1. e4 d6 2. d4 g6 3. Nc3 c6 4. a4 e5 5. Be3 Bg7 6. Nge2 Nd7 7. g3 Nh6 8. h3 f5
9. Qd2 Nf7 10. exf5 gxf5 11. f4 e4 12. d5 c5 13. g4 Nf6 14. g5 Nd7 15. Ng3 Nf8
16. Bb5+ Ke7 17. h4 Rg8 18. a5 a6 19. Bf1 b5 20. Bh3 Nh6 21. Qg2 Ng6 22. gxh6
Nxh4 23. Qf2 Nf3+ 24. Kf1 Bxc3 25. bxc3 Qf8 26. Bg2 Qf6 27. Bxf3 exf3 28. Re1
Kd7 29. Rh5 Qxc3 30. Qxf3 Kc7 31. Re2 Rg6 32. Kf2 Bd7 33. Rg5 Rxh6 34. Kg2 Rf8
35. Bf2 Rh2+ 36. Kxh2 Qxf3 37. Kg1 Rf7 0-1

[Event "Open Olomouc 2006"]
[Site "Olomouc (CZE)"]
[Date "2006.08.08"]
[Round "7.6"]
[White "MASLAK, ALEXANDER."]
[Black "ISONZO, DAVID."]
[Result "0-1"]
[WhiteElo "2187"]
[BlackElo "2361"]
[PlyCount "68"]
[EventDate "2006.08.03"]

1. d4 Nf6 2. c4 g6 3. f3 Bg7 4. e4 d6 5. Nc3 O-O 6. Be3 Nc6 7. Nge2 Re8 8. Qd2
Rb8 9. Rd1 a6 10. Nc1 e5 11. Nb3 exd4 12. Nxd4 Nh5 13. Be2 Be5 14. g3 Bh3 15.
Kf2 Bg7 16. Rhe1 Be5 17. Bf1 Bxf1 18. Rxf1 Bg7 19. Kg2 Qd7 20. Rfe1 Ne5 21. b3
b5 22. cxb5 axb5 23. Nd5 c6 24. Nf4 Nf6 25. Nd3 Nxd3 26. Qxd3 d5 27. exd5 Nxd5
28. Bf2 Rxe1 29. Bxe1 Rd8 30. Ba5 Re8 31. Nc2 Qa7 32. b4 Qd7 33. Bb6 Nxb6 34.
Qxd7 Nxd7 0-1

[Event "Open Olomouc 2006"]
[Site "Olomouc (CZE)"]
[Date "2006.08.08"]
[Round "7.7"]
[White "ZAKHAROV, VALENTIN."]
[Black "PEPINO, ENRICO."]
[Result "1-0"]
[WhiteElo "2376"]
[BlackElo "2187"]
[PlyCount "119"]
[EventDate "2006.08.03"]

1. e4 c5 2. Nf3 d6 3. d4 cxd4 4. Nxd4 Nf6 5. Nc3 g6 6. h3 Bg7 7. Be3 O-O 8. Qd2
Nc6 9. O-O-O Nxd4 10. Bxd4 Be6 11. g4 Qa5 12. a3 Rfc8 13. f4 b5 14. f5 Bc4 15.
g5 Nd7 16. Bxg7 Kxg7 17. Qd4+ f6 18. gxf6+ Nxf6 19. e5 dxe5 20. Qxe5 Qc7 21.
Qxc7 Rxc7 22. fxg6 hxg6 23. Nxb5 Bxb5 24. Bxb5 Rac8 25. Rh2 Rc5 26. Bd3 e5 27.
Re1 Nh5 28. b4 Rc3 29. Kb2 Nf4 30. Ba6 R8c7 31. Rxe5 Rxh3 32. Rxh3 Nxh3 33. c4
Kf6 34. Re3 Nf4 35. c5 g5 36. Bf1 g4 37. Kb3 Rg7 38. c6 g3 39. Rc3 Rc7 40. Rxg3
Rxc6 41. Re3 Re6 42. Rf3 Ke5 43. Bc4 Rh6 44. Ka4 Rc6 45. Kb5 Rc7 46. Bg8 Ng6
47. Rf7 Ne7 48. Rh7 Kd6 49. Rh6+ Ke5 50. Ba2 Nf5 51. Re6+ Kf4 52. Ka4 Nd4 53.
Re8 Rc2 54. Bd5 Ne2 55. Ka5 Rd2 56. b5 Nc3 57. Bb3 Rd7 58. a4 Rd4 59. Re7 a6
60. bxa6 1-0

[Event "Open Olomouc 2006"]
[Site "Olomouc (CZE)"]
[Date "2006.08.08"]
[Round "7.8"]
[White "GLIMBRANT, TORBJORN."]
[Black "MANKEYEV, RAUAN."]
[Result "0-1"]
[WhiteElo "2286"]
[BlackElo "2369"]
[PlyCount "80"]
[EventDate "2006.08.03"]

1. e4 c5 2. Nf3 d6 3. d4 cxd4 4. Nxd4 Nf6 5. Nc3 g6 6. Be3 Bg7 7. f3 Nc6 8. Qd2
O-O 9. O-O-O d5 10. exd5 Nxd5 11. Nxc6 bxc6 12. Bd4 e5 13. Bc5 Be6 14. Ne4 Re8
15. h4 h6 16. g4 Nf4 17. Qc3 Bd5 18. Qa3 Qc7 19. Bd6 Qd7 20. g5 hxg5 21. hxg5
Qf5 22. Ba6 Bxe4 23. fxe4 Qxe4 24. Kb1 Rad8 25. Qc5 Ne6 26. Qg1 Nxg5 27. Qh2
Rd7 28. Bd3 Qe3 29. Bb4 Qf4 30. Qxf4 exf4 31. Rdf1 Ne6 32. b3 Be5 33. Bc4 Kg7
34. Re1 f6 35. Re2 Ng5 36. Reh2 f3 37. Rh4 f2 38. Rg4 Rd4 39. Rxd4 Bxd4 40. Bd2
Be3 0-1

[Event "Open Olomouc 2006"]
[Site "Olomouc (CZE)"]
[Date "2006.08.08"]
[Round "7.9"]
[White "SARNO, SPARTACO."]
[Black "LEKS, HANNA."]
[Result "1/2-1/2"]
[WhiteElo "2363"]
[BlackElo "2253"]
[PlyCount "32"]
[EventDate "2006.08.03"]

1. c4 d6 2. Nc3 e5 3. g3 Nf6 4. Bg2 c6 5. d4 Nbd7 6. Nf3 Be7 7. O-O O-O 8. e4
a6 9. Qc2 b5 10. Rd1 Qc7 11. h3 Bb7 12. Be3 g6 13. a3 exd4 14. Nxd4 bxc4 15.
Nde2 a5 16. Bf4 Rab8 1/2-1/2

[Event "Open Olomouc 2006"]
[Site "Olomouc (CZE)"]
[Date "2006.08.08"]
[Round "7.10"]
[White "FURMAN, BORIS."]
[Black "CHUDINOVSKIKH, ALEXANDER."]
[Result "0-1"]
[WhiteElo "2257"]
[BlackElo "2341"]
[PlyCount "134"]
[EventDate "2006.08.03"]

1. d4 Nf6 2. c4 e6 3. Nc3 c5 4. d5 exd5 5. cxd5 d6 6. Bg5 a6 7. a4 h6 8. Bh4 g5
9. Bg3 Nh5 10. e3 Nxg3 11. hxg3 Bg7 12. Bd3 Nd7 13. Nf3 Qe7 14. Qc2 Ne5 15. Bf5
c4 16. Nxe5 Qxe5 17. Bxc8 Rxc8 18. a5 f5 19. Qe2 O-O 20. g4 Rc7 21. Ra4 f4 22.
e4 f3 23. gxf3 Qf4 24. Kf1 Qxf3 25. Qxf3 Rxf3 26. Ke2 Rcf7 27. Nd1 R3f4 28.
Rxc4 Rxg4 29. b3 Rgf4 30. Rh2 Re7 31. Kd3 Ref7 32. Ke2 Kh7 33. Ne3 Be5 34. Rg2
Kg6 35. Nf5 h5 36. f3 g4 37. fxg4 Rxg4 38. Rxg4+ hxg4 39. Rc8 Kg5 40. Ke3 Rh7
41. Rg8+ Kh5 42. Rc8 Kg5 43. Rg8+ Kf6 44. Rxg4 Rh3+ 45. Ke2 Rxb3 46. Rg8 Rb5
47. Rd8 Rxa5 48. Nxd6 Ra2+ 49. Kd3 Ra3+ 50. Kc4 b5+ 51. Kc5 Rc3+ 52. Kb4 Ke7
53. Re8+ Kxd6 54. Re6+ Kd7 55. Rxe5 Rc4+ 56. Ka5 Ra4+ 57. Kb6 b4 58. Rh5 b3 59.
Rh1 Kd6 60. Rb1 Ra3 61. Rb2 a5 62. Kb5 a4 63. Kb4 Ra2 64. Kc3 Ra1 65. Rd2 Re1
66. Rd4 Rc1+ 67. Kb2 Rc2+ 0-1

[Event "Open Olomouc 2006"]
[Site "Olomouc (CZE)"]
[Date "2006.08.09"]
[Round "8.1"]
[White "JOHANSSON, JAN."]
[Black "ZAWADZKI, STANISLAW."]
[Result "0-1"]
[WhiteElo "2434"]
[BlackElo "2397"]
[PlyCount "96"]
[EventDate "2006.08.03"]

1. d4 d5 2. c4 c6 3. Nf3 Nf6 4. Qc2 dxc4 5. e4 b5 6. b3 cxb3 7. axb3 e6 8. Bd2
a5 9. Bf4 Na6 10. Qxc6+ Bd7 11. Qb7 Bb4+ 12. Nbd2 O-O 13. Bxb5 Bxb5 14. Qxb5
Nxe4 15. O-O Nxd2 16. Bxd2 Bxd2 17. Nxd2 Qxd4 18. Nf3 Qf4 19. Qxa5 Nc7 20. Qd2
Qf5 21. Rxa8 Rxa8 22. Qd6 Nd5 23. Qc6 Rb8 24. h3 h6 25. Ra1 Rxb3 26. Nd4 Rb1+
27. Rxb1 Qxb1+ 28. Kh2 Qe4 29. Nf3 Qf4+ 30. Kg1 g5 31. Qc8+ Kg7 32. Qc5 Qf6 33.
Qd6 Nf4 34. Qe5 Qxe5 35. Nxe5 f6 36. Nf3 h5 37. h4 g4 38. Nd4 Kf7 39. g3 Ng6
40. Nb3 f5 41. Kf1 f4 42. Nc5 Kf6 43. Ke2 Ne7 44. Nd7+ Kf5 45. Nc5 Nd5 46. Kd3
Nf6 47. Ke2 fxg3 48. fxg3 Ne4 0-1

[Event "Open Olomouc 2006"]
[Site "Olomouc (CZE)"]
[Date "2006.08.09"]
[Round "8.2"]
[White "KIREEV, ALEKSEI."]
[Black "HASANGATIN, RAMIL."]
[Result "1/2-1/2"]
[WhiteElo "2382"]
[BlackElo "2491"]
[PlyCount "32"]
[EventDate "2006.08.03"]

1. d4 c5 2. c3 cxd4 3. cxd4 d5 4. Nc3 Nf6 5. Bf4 Nc6 6. e3 a6 7. Rc1 e6 8. Bd3
Be7 9. Nf3 O-O 10. h3 Bd7 11. O-O Qa5 12. Ne5 Be8 13. a3 Nxe5 14. Bxe5 Bc6 15.
Qe2 Rfc8 16. Rc2 Qd8 1/2-1/2

[Event "Open Olomouc 2006"]
[Site "Olomouc (CZE)"]
[Date "2006.08.09"]
[Round "8.3"]
[White "ISONZO, DAVID."]
[Black "ZEBERSKI, JAKUB."]
[Result "1/2-1/2"]
[WhiteElo "2361"]
[BlackElo "2410"]
[PlyCount "37"]
[EventDate "2006.08.03"]

1. e4 c5 2. c3 Nf6 3. e5 Nd5 4. d4 cxd4 5. Nf3 Nc6 6. Bc4 Nb6 7. Bb3 d5 8. exd6
Qxd6 9. O-O Be6 10. Na3 Bxb3 11. axb3 e6 12. Nb5 Qd7 13. Nfxd4 Nxd4 14. Nxd4
Be7 15. Qf3 O-O 16. Rd1 Rfd8 17. Bf4 Nd5 18. Nf5 Qe8 19. Be5 1/2-1/2

[Event "Open Olomouc 2006"]
[Site "Olomouc (CZE)"]
[Date "2006.08.09"]
[Round "8.5"]
[White "MANKEYEV, RAUAN."]
[Black "HRYHORENKO, NATALIYA."]
[Result "1/2-1/2"]
[WhiteElo "2369"]
[BlackElo "2328"]
[PlyCount "93"]
[EventDate "2006.08.03"]

1. Nf3 d5 2. d4 Nf6 3. c4 c6 4. Nc3 dxc4 5. a4 Bf5 6. Ne5 e6 7. f3 Bb4 8. e4
Bxe4 9. fxe4 Nxe4 10. Bd2 Qxd4 11. Nxe4 Qxe4+ 12. Qe2 Bxd2+ 13. Kxd2 Qd5+ 14.
Kc2 Na6 15. Nxc4 O-O 16. Qe5 Rab8 17. a5 f6 18. Qe3 Nb4+ 19. Kb3 c5 20. Qf3 b5
21. axb6 Nc6 22. Kc3 axb6 23. Rd1 Nd4 24. Qxd5 exd5 25. Ne3 Rfd8 26. Rxd4 cxd4+
27. Kxd4 Ra8 28. Bb5 Rdc8 29. Bd7 Rc7 30. Be6+ Kf8 31. Bxd5 Ra4+ 32. Kd3 Ke7
33. Re1 Kd8 34. Rd1 g6 35. Be6 b5 36. h3 Rc6 37. Bd5 Rd6 38. Kc3 f5 39. b3 Ra2
40. Kb4 Re2 41. Bf3 Rxd1 42. Nxd1 Rd2 43. Kxb5 g5 44. Nc3 g4 45. hxg4 fxg4 46.
Bxg4 Rxg2 47. Be2 1/2-1/2

[Event "Open Olomouc 2006"]
[Site "Olomouc (CZE)"]
[Date "2006.08.09"]
[Round "8.6"]
[White "CHUDINOVSKIKH, ALEXANDER."]
[Black "KULOVANA, EVA."]
[Result "1-0"]
[WhiteElo "2341"]
[BlackElo "2199"]
[PlyCount "87"]
[EventDate "2006.08.03"]

1. e4 c6 2. Nc3 d5 3. Nf3 Bg4 4. h3 Bxf3 5. Qxf3 Nf6 6. d3 e6 7. a3 Nbd7 8. g3
g6 9. Qe2 Bg7 10. e5 Ng8 11. f4 Ne7 12. Be3 c5 13. Bf2 Qa5 14. Qd2 a6 15. Bg2
b5 16. O-O Qc7 17. Ne2 c4 18. d4 Nc6 19. g4 O-O-O 20. f5 Nb6 21. Bh4 Rde8 22.
Rf2 h5 23. Bg5 hxg4 24. hxg4 gxf5 25. gxf5 Reg8 26. fxe6 fxe6 27. Qf4 Nxe5 28.
dxe5 Bxe5 29. Qg4 Rg6 30. Nf4 Bxf4 31. Qxf4 Qh7 32. Rf3 Qg7 33. Rg3 Rg8 34. Qd6
Rxg5 35. Rxg5 Qxg5 36. Qc6+ Kd8 37. Qxb6+ Kd7 38. Qf2 e5 39. Rf1 Kd6 40. Qb6+
Ke7 41. Qc7+ Ke8 42. Qf7+ Kd8 43. Qxd5+ Ke8 44. Qe6+ 1-0

[Event "Open Olomouc 2006"]
[Site "Olomouc (CZE)"]
[Date "2006.08.09"]
[Round "8.7"]
[White "GROMOVA, JULIA."]
[Black "NESTER, IHOR."]
[Result "1/2-1/2"]
[WhiteElo "2210"]
[BlackElo "2417"]
[PlyCount "80"]
[EventDate "2006.08.03"]

1. d4 d5 2. c4 dxc4 3. Nf3 Nf6 4. e3 e6 5. Bxc4 a6 6. Qe2 c5 7. dxc5 Bxc5 8.
O-O O-O 9. b3 Nc6 10. Bb2 b5 11. Bd3 Nb4 12. Rd1 Nxd3 13. Rxd3 Qe7 14. Nbd2 Bb7
15. a4 h6 16. h3 Ne4 17. Ne5 Bd6 18. Qg4 f5 19. Qe2 Kh7 20. Ndf3 Bd5 21. Rxd5
exd5 22. axb5 axb5 23. Qxb5 Rxa1+ 24. Bxa1 Ra8 25. Bd4 Bxe5 26. Bxe5 Ra2 27.
Qxd5 Rxf2 28. Bd4 Qf8 29. b4 Rc2 30. b5 Nc3 31. Qe5 Ne2+ 32. Kh2 Nxd4 33. Nxd4
Rc5 34. Qf4 Qf6 35. Kg3 g5 36. Qb8 f4+ 37. Kh2 fxe3 38. Qa7+ Kg6 39. Qxc5 Qf4+
40. Kh1 Qf1+ 1/2-1/2

[Event "Open Olomouc 2006"]
[Site "Olomouc (CZE)"]
[Date "2006.08.09"]
[Round "8.8"]
[White "KOZAK, MAGDALENA."]
[Black "SARNO, SPARTACO."]
[Result "1/2-1/2"]
[WhiteElo "2205"]
[BlackElo "2363"]
[PlyCount "55"]
[EventDate "2006.08.03"]

1. d4 Nf6 2. c4 g6 3. g3 c6 4. Bg2 d5 5. cxd5 cxd5 6. Nf3 Bg7 7. O-O O-O 8. Ne5
e6 9. Nc3 Nfd7 10. f4 Nc6 11. Be3 f6 12. Nd3 f5 13. Ne5 Nf6 14. Rc1 Bd7 15. Qb3
Na5 16. Qa3 b6 17. b3 Re8 18. Rc2 Bf8 19. Qb2 Qe7 20. Rfc1 Rac8 21. Bf2 Nb7 22.
Nb1 Nd6 23. Nd2 Bb5 24. Nef3 Rxc2 25. Rxc2 Rc8 26. Rxc8 Nxc8 27. Qc2 Qe8 28.
Bf1 1/2-1/2

[Event "Open Olomouc 2006"]
[Site "Olomouc (CZE)"]
[Date "2006.08.09"]
[Round "8.9"]
[White "KIRSCHBAUM, GUNNAR."]
[Black "MICHALCZAK, THOMAS."]
[Result "1/2-1/2"]
[WhiteElo "2179"]
[BlackElo "2342"]
[PlyCount "55"]
[EventDate "2006.08.03"]

1. d4 Nf6 2. c4 e6 3. Nc3 Bb4 4. Qc2 d5 5. cxd5 exd5 6. Bg5 c5 7. Nf3 h6 8.
Bxf6 Qxf6 9. e3 Nc6 10. a3 Bf5 11. Bd3 Bxd3 12. Qxd3 cxd4 13. axb4 dxc3 14.
Qxc3 Qxc3+ 15. bxc3 b6 16. Ke2 Ke7 17. Rhd1 Rhd8 18. Nd4 Nxd4+ 19. Rxd4 Rd7 20.
Rad1 Rad8 21. e4 dxe4 22. Rxe4+ Kf6 23. Rxd7 Rxd7 24. c4 a5 25. c5 bxc5 26.
bxa5 Ra7 27. Ra4 c4 28. Rxc4 1/2-1/2

[Event "Open Olomouc 2006"]
[Site "Olomouc (CZE)"]
[Date "2006.08.09"]
[Round "8.10"]
[White "PROKURONOV, EDUARD."]
[Black "MASLAK, ALEXANDER."]
[Result "1-0"]
[WhiteElo "2274"]
[BlackElo "2187"]
[PlyCount "86"]
[EventDate "2006.08.03"]

1. d4 Nf6 2. c4 g6 3. Nc3 Bg7 4. e4 d6 5. Be2 O-O 6. Bg5 h6 7. Be3 c6 8. Qd2
Kh7 9. h4 e5 10. h5 g5 11. f3 a6 12. d5 c5 13. Bd1 Nbd7 14. Nge2 Rb8 15. a3 b5
16. cxb5 axb5 17. b4 cxb4 18. axb4 Nb6 19. Bb3 Nc4 20. Bxc4 bxc4 21. b5 g4 22.
Ng3 gxf3 23. gxf3 Ng8 24. Ke2 Bf6 25. Rhg1 Bg5 26. Rg2 Bxe3 27. Qxe3 Qf6 28.
Qg1 Ne7 29. Nf1 Bd7 30. Ra5 Bh3 31. Rg3 Bxf1+ 32. Qxf1 Nc8 33. Qf2 Nb6 34. Ra7
Qf4 35. Rg4 Qc1 36. Qe3 Qh1 37. Qg1 Qxh5 38. Nd1 Nc8 39. Ra5 Ne7 40. Ne3 Rbc8
41. Ra6 c3 42. Nc2 Rcd8 43. Ra7 Ng6 1-0

[Event "Open Olomouc 2006"]
[Site "Olomouc (CZE)"]
[Date "2006.08.10"]
[Round "9.1"]
[White "ZAWADZKI, STANISLAW."]
[Black "KIREEV, ALEKSEI."]
[Result "1-0"]
[WhiteElo "2397"]
[BlackElo "2382"]
[PlyCount "95"]
[EventDate "2006.08.03"]

1. e4 d6 2. d4 g6 3. Nc3 c6 4. Be3 e5 5. Nge2 Bg7 6. Qd2 Nd7 7. O-O-O Qe7 8. f3
Ngf6 9. Kb1 a6 10. g4 h5 11. g5 Nh7 12. f4 exf4 13. Nxf4 b5 14. Bd3 Nb6 15.
Rdf1 Nf8 16. e5 d5 17. Qg2 Be6 18. Rf2 Rh7 19. Rhf1 Bh8 20. Bc1 O-O-O 21. b3
Kb7 22. Bb2 Ka7 23. Ka1 Rb8 24. Rb1 Rb7 25. h4 Rd7 26. Qf1 Rb7 27. Nd1 c5 28.
dxc5 Qxc5 29. Qe1 Nbd7 30. Bf1 Bf5 31. Nd3 Bxd3 32. cxd3 Ne6 33. Rc1 Qb6 34.
Kb1 Nd4 35. Rf4 Bxe5 36. Qxe5 Ne6 37. Qd4 Ndc5 38. Rxc5 Nxc5 39. Rf6 Ne6 40.
Qxb6+ Kxb6 41. Ne3 Rd7 42. Bh3 Kc6 43. Be5 d4 44. Bg2+ Kc5 45. Nc2 a5 46. a3 b4
47. a4 Re7 48. Nxd4 1-0

[Event "Open Olomouc 2006"]
[Site "Olomouc (CZE)"]
[Date "2006.08.10"]
[Round "9.2"]
[White "HASANGATIN, RAMIL."]
[Black "CHUDINOVSKIKH, ALEXANDER."]
[Result "1/2-1/2"]
[WhiteElo "2491"]
[BlackElo "2341"]
[PlyCount "41"]
[EventDate "2006.08.03"]

1. e4 e5 2. Nf3 Nc6 3. Bb5 a6 4. Bxc6 dxc6 5. Nc3 f6 6. d4 exd4 7. Nxd4 c5 8.
Nde2 Qxd1+ 9. Nxd1 Be6 10. Bf4 O-O-O 11. Ne3 Ne7 12. Rd1 Rxd1+ 13. Kxd1 g5 14.
Bg3 f5 15. Be5 Rg8 16. Nc3 f4 17. Ned5 Nxd5 18. Nxd5 Bxd5 19. exd5 c4 20. h4
Bg7 21. Bxg7 1/2-1/2

[Event "Open Olomouc 2006"]
[Site "Olomouc (CZE)"]
[Date "2006.08.10"]
[Round "9.3"]
[White "ISONZO, DAVID."]
[Black "JOHANSSON, JAN."]
[Result "1-0"]
[WhiteElo "2361"]
[BlackElo "2434"]
[PlyCount "120"]
[EventDate "2006.08.03"]

1. e4 g6 2. d4 Bg7 3. Nf3 d6 4. Be2 Nf6 5. Nc3 O-O 6. O-O a6 7. Re1 Nc6 8. h3
e5 9. dxe5 dxe5 10. Bg5 Be6 11. Nd5 Bxd5 12. Bxf6 Qxf6 13. Qxd5 Rfd8 14. Qb3 b5
15. a4 b4 16. Rad1 Bf8 17. Qc4 Ra7 18. Rd5 Rxd5 19. Qxd5 Ra8 20. Qc4 Rd8 21.
Rd1 Nd4 22. Nxd4 exd4 23. Qxa6 Bd6 24. Qd3 h5 25. g3 Bc5 26. Qf3 Qxf3 27. Bxf3
b3 28. cxb3 d3 29. a5 Ra8 30. Rxd3 Rxa5 31. e5 Bb6 32. Bd5 Kf8 33. Kg2 Ke7 34.
f4 Ra2 35. Rd2 Be3 36. Rc2 Bb6 37. g4 hxg4 38. hxg4 Ra1 39. f5 gxf5 40. gxf5
Re1 41. e6 fxe6 42. fxe6 Kf6 43. Bc4 Re5 44. b4 Rg5+ 45. Kf3 Rf5+ 46. Ke4 Re5+
47. Kd3 Re3+ 48. Kd2 Rh3 49. Rc3 Rh2+ 50. Kc1 Rh1+ 51. Kc2 Ke7 52. Rd3 Rh5 53.
Rd7+ Ke8 54. Bd5 Re5 55. Kd3 Bg1 56. b5 Bc5 57. Kc4 Bb6 58. Rh7 Re1 59. Bc6+
Kf8 60. Rf7+ Kg8 1-0